00457nam a2200145Ia 4500082001600000100002500016100002400041100004500065245002600110260002700136300000800163700005000171700004700221700004300268 aR/5BS(CS)07 aZahid Hussain Brohi  aRoll No. 07BS(CS)26 aSupervisor - Engr. Fozia Noureen Shaikh  0aNawabshah Web Portal. aNawabshahbQUESTc2011 a60p aGhullam Mustafa Jamali (Roll No. 07BS(CS)09)  aMuhammad Nadeem Jatt (Roll No. 07BS(CS)49) aDolat Ram Lohana (Roll No. 07BS(CS)55)